[Event "Titled Tuesday intern op 12th May"]
[Site "Chess.com INT"]
[Date "2020.05.12"]
[Round "4"]
[White "Lefebvre, Athanasius"]
[Black "Batsaikhan, Tserendori"]
[Result "0-1"]
[WhiteElo "2059"]
[BlackElo "2262"]
[PlyCount "80"]
[EventDate "2020.05.12"]
[EventType "swiss (blitz)"]
[EventRounds "10"]
[EventCountry "USA"]
[SourceTitle "EXT 2021"]
[Source "ChessBase"]
[SourceDate "2020.10.23"]
[SourceVersion "1"]
[SourceVersionDate "2020.10.23"]
[SourceQuality "1"]

1. Nf3 Nf6 2. g3 e6 3. Bg2 d5 4. 0-0 Be7 5. c4 0-0 6. d3 c6 7. Nc3 Nbd7 8. Rb1 a5 9. a3 Re8 10. b4 axb4 11. axb4 h6 12. b5 c5 13. cxd5 exd5 14. e4 d4 15. Na4 Qa5 16. e5 Nd5 17. Nxd4 cxd4 18. Bxd5 Qxa4 19. Bb3 Qa5 20. e6 fxe6 21. Bxe6+ Kh8 22. Bf7 Rf8 23. Bd5 Nf6 24. Bc4 Bg4 25. Qb3 Be2 26. Bf4 Bxf1 27. Rxf1 Qc3 28. Qd1 Qb4 29. Be5 Qc5 30. Bxf6 Bxf6 31. Qf3 b6 32. Bd5 Rae8 33. Be4 Bg5 34. Qh5 Rxe4 35. dxe4 d3 36. Qd1 d2 37. Kg2 Qd4 38. f3 Rc8 39. Qe2 Rc1 40. f4 d1Q 0-1

[Event "Titled Tuesday intern op 5th May"]
[Site "Chess.com INT"]
[Date "2020.05.05"]
[Round "10"]
[White "Okike, David"]
[Black "Lefebvre, Athanasius"]
[Result "1-0"]
[WhiteElo "2177"]
[BlackElo "2090"]
[PlyCount "85"]
[EventDate "2020.05.05"]
[EventType "swiss (blitz)"]
[EventRounds "10"]
[EventCountry "USA"]
[SourceTitle "EXT 2021"]
[Source "ChessBase"]
[SourceDate "2020.10.23"]
[SourceVersion "1"]
[SourceVersionDate "2020.10.23"]
[SourceQuality "1"]

1. e4 c5 2. Nf3 e6 3. d4 cxd4 4. Nxd4 a6 5. Nc3 Qc7 6. Bd3 b5 7. 0-0 Bb7 8. Qe2 Nf6 9. Kh1 d5 10. e5 Nfd7 11. f4 g6 12. a4 b4 13. Nd1 Nc6 14. Nxc6 Qxc6 15. a5 h5 16. Be3 h4 17. Bd4 h3 18. g4 Bc5 19. c3 Ke7 20. Rf3 Rh4 21. Rg3 Rg8 22. Ne3 Qc7 23. Qf1 Rgh8 24. Qe2 Ke8 25. Nd1 Be7 26. Nf2 Nc5 27. Qe3 Nb3 28. Ra2 Nxd4 29. cxd4 b3 30. Ra1 Bb4 31. Bf1 Bxa5 32. Qxb3 Bb6 33. Rd1 Qc6 34. Rxh3 Rxh3 35. Bxh3 Rh4 36. Kg2 Ba5 37. Kg3 Rh7 38. Bf1 Qb6 39. Qa4+ Bc6 40. Qa3 Bb5 41. Bxb5+ Qxb5 42. Qd6 Qb3+ 43. Rd3 1-0

[Event "Titled Tuesday intern op 28th Apr"]
[Site "Chess.com INT"]
[Date "2020.04.28"]
[Round "1"]
[White "Lefebvre, Athanasius"]
[Black "Vlassov, Nikolai"]
[Result "0-1"]
[WhiteElo "2052"]
[BlackElo "2352"]
[PlyCount "88"]
[EventDate "2020.04.28"]
[EventType "swiss (blitz)"]
[EventRounds "10"]
[EventCountry "USA"]
[SourceTitle "EXT 2021"]
[Source "ChessBase"]
[SourceDate "2020.10.23"]
[SourceVersion "1"]
[SourceVersionDate "2020.10.23"]
[SourceQuality "1"]

1. g3 e5 2. d3 d5 3. Bg2 Nc6 4. Nf3 Bg4 5. 0-0 Nf6 6. h3 Bh5 7. g4 Bg6 8. Nh4 Bc5 9. Nxg6 hxg6 10. e4 Qd6 11. g5 Nh5 12. exd5 Nd4 13. c3 Nf5 14. d4 exd4 15. Re1+ Kf8 16. cxd4 Bxd4 17. Nc3 Nf4 18. Ne4 Qe5 19. b3 Nxg2 20. Ba3+ Kg8 21. Kxg2 Bxa1 22. Nf6+ gxf6 23. Rxe5 Bxe5 24. gxf6 Bxf6 25. Qc2 Be5 26. Qe4 Bd6 27. Bb2 Rh4 28. Qd3 Re8 29. Qb5 Rhe4 30. Qxb7 Re2 31. Bf6 Ne3+ 32. Kf3 Nd1 33. Qxa7 Rxf2+ 34. Qxf2 Nxf2 35. Kxf2 Ra8 36. a4 Rb8 37. a5 Rxb3 38. Bd4 Rxh3 39. a6 Ra3 40. a7 f5 41. Ke2 g5 42. Kd2 g4 43. Kc2 f4 44. Kb2 g3 0-1

[Event "Titled Tuesday intern op 28th Apr"]
[Site "Chess.com INT"]
[Date "2020.04.28"]
[Round "5"]
[White "Schut, Lisa"]
[Black "Lefebvre, Athanasius"]
[Result "1-0"]
[WhiteElo "2259"]
[BlackElo "1987"]
[PlyCount "69"]
[EventDate "2020.04.28"]
[EventType "swiss (blitz)"]
[EventRounds "10"]
[EventCountry "USA"]
[SourceTitle "EXT 2021"]
[Source "ChessBase"]
[SourceDate "2020.10.23"]
[SourceVersion "1"]
[SourceVersionDate "2020.10.23"]
[SourceQuality "1"]

1. e4 c5 2. Nf3 e6 3. g3 Nc6 4. Bg2 d6 5. 0-0 g6 6. d4 cxd4 7. Nxd4 Bg7 8. Be3 a6 9. c4 Nge7 10. Nc3 0-0 11. Rc1 Ne5 12. b3 h5 13. h3 Qc7 14. f4 N5c6 15. Nxc6 bxc6 16. Na4 Rb8 17. Qe2 c5 18. Nc3 Nc6 19. f5 Nd4 20. Bxd4 cxd4 21. Nb1 exf5 22. exf5 Bxf5 23. Rxf5 gxf5 24. Qxh5 Qc5 25. Nd2 d3+ 26. Kh2 Qe3 27. Nf3 Qh6 28. Qxf5 d2 29. Rd1 Rfe8 30. Rxd2 Re3 31. Ng5 Qg6 32. Qxg6 fxg6 33. Rxd6 Rxg3 34. Bd5+ Kf8 35. Nh7+ 1-0